000 00825cam a22002773a 4500
001 1922
003 PGUSA
005 20140828083008.0
008 991001s1999||||xxu|||||s|||||000 | eng d
040 _aPGUSA
_beng
042 _adc
050 4 _aPR
100 1 _aSynge, J. M.
_q(John Millington),
_d1871-1909
245 1 0 _aDeirdre of the Sorrows
_h[electronic resource] /
_cJ. M. Synge
260 _bProject Gutenberg,
_c1999
506 _aPublic domain in the USA.
516 _aElectronic text
653 _aEpic literature, Irish -- Adaptations
653 _aIreland -- Drama
653 _aTales -- Ireland -- Adaptations
653 _aDeirdre (Legendary character) -- Drama
653 _aQueens -- Drama
830 0 _aProject Gutenberg
_v1922
856 4 0 _uhttp://www.gutenberg.org/ebooks/1922
942 _cEB
999 _c231264
_d231264